000 00686nam a2200205Ii 4500
003 JO-AjNU
008 230605s9999||||xx |||||||||||||| ||und||
040 _aJO-AjNU
_bara
_erda
_cJO-AjNU
041 _aara
050 1 4 _aPJ7745 1984
100 3 _aتأليف معتوق،جورج عبدو,
_eauthor
_97268
245 0 0 _aإبن الرومي الشاعر المغبون
250 _aط2
264 3 1 _aبيروت:دار الكتاب اللبناني،1984
300 _a150ص
336 _atext
_btxt
_2rdacontent
337 _aunmediated
_bn
_2rdamedia
338 _avolume
_bnc
_2rdacarrier
650 4 _a الشعر العربي - تاريخ ونقد - العصر العباسي
_97269
999 _aA194
_c3762
_d3762